Paradigmas en psicología de la educación
Αποθηκεύτηκε σε:
| Κύριος συγγραφέας: | |
|---|---|
| Μορφή: | Βιβλίο |
| Γλώσσα: | Ισπανικά |
| Έκδοση: |
Ciudad de México
Paidós Mexicana
1998
|
| Έκδοση: | 1a. ed |
| Σειρά: | Paidós Educador, 131
|
| Θέματα: | |
| Ετικέτες: |
Προσθήκη ετικέτας
Δεν υπάρχουν, Καταχωρήστε ετικέτα πρώτοι!
|
MARC
| LEADER | 00000nam a2200000 a 4500 | ||
|---|---|---|---|
| 001 | UCL6092 | ||
| 003 | CL-VaPUC | ||
| 008 | 040326e19980000MX |||||||||||||||||spa|d | ||
| 020 | |a 9688533831 | ||
| 082 | 0 | 4 | |a 370.15 |b HER |2 21 |
| 100 | |a Hernández Rojas, Gerardo |e author |9 577609 | ||
| 245 | 1 | 0 | |a Paradigmas en psicología de la educación |
| 250 | |a 1a. ed | ||
| 300 | |a 267 p | ||
| 942 | |c BK | ||
| 945 | |d 20040326 00:00:00 |a cmena | ||
| 260 | |a Ciudad de México |b Paidós Mexicana |c 1998 | ||
| 650 | 0 | |a Psicología educacional |9 307830 | |
| 650 | 0 | |a Disciplina escolar |9 271077 | |
| 650 | 0 | |a Cognición |9 270347 | |
| 650 | 0 | |a Filosofía de la educación |9 258384 | |
| 583 | |a last modification |c 20040326 00:00:00 |k Rodrigo Vera | ||
| 490 | 0 | |a Paidós Educador, 131 | |
| 999 | |c 308364 |d 308362 | ||
| 952 | |0 0 |1 0 |4 0 |6 370_150000000000000_HER_1998 |7 0 |8 A |9 374863 |a FDOPOS |b FDOPOS |d 2019-11-21 |i 398768K |o 370.15 HER 1998 |p 398768K |r 2025-01-22 |w 2019-11-21 |y BK |k MLA | ||
| 952 | |0 0 |1 0 |4 0 |6 370_150000000000000_HER_1998 |7 0 |8 A |9 374864 |a BIBEDU |b BIBEDU |d 2019-11-21 |i 4264487 |o 370.15 HER 1998 |p 4264487 |r 2019-11-21 |w 2019-11-21 |y BK |k EDU | ||